Các văn bản hướng dẫn thi hành luật đất đai
Giới thiệu các văn bản quy phạm pháp luật của Chính phủ và các bộ đã ban hành về: Khung giá các loại đất, quyền sở hữu nhà ở, sử dụng đất ở, mua bán kinh doanh nhà ở, về bồi thường, hỗ trợ và tái định cư khi Nhà nươc thu hồi đất, v...
Guardat en:
| Format: | Llibre |
|---|---|
| Idioma: | Undetermined |
| Publicat: |
Hà Nội
Chính trị Quốc gia
2005
|
| Matèries: | |
| Etiquetes: |
Afegir etiqueta
Sense etiquetes, Sigues el primer a etiquetar aquest registre!
|
| Thư viện lưu trữ: | Trung tâm Học liệu Trường Đại học Cần Thơ |
|---|
| LEADER | 01085nam a2200205Ia 4500 | ||
|---|---|---|---|
| 001 | CTU_95879 | ||
| 008 | 210402s9999 xx 000 0 und d | ||
| 020 | |c 15000 | ||
| 082 | |a 346.043 | ||
| 082 | |b C101 | ||
| 245 | 0 | |a Các văn bản hướng dẫn thi hành luật đất đai | |
| 260 | |a Hà Nội | ||
| 260 | |b Chính trị Quốc gia | ||
| 260 | |c 2005 | ||
| 520 | |a Giới thiệu các văn bản quy phạm pháp luật của Chính phủ và các bộ đã ban hành về: Khung giá các loại đất, quyền sở hữu nhà ở, sử dụng đất ở, mua bán kinh doanh nhà ở, về bồi thường, hỗ trợ và tái định cư khi Nhà nươc thu hồi đất, về sắp xếp, đổi mới và phát triển lâm trường quốc doanh | ||
| 650 | |a Civil rights,Land tenure,Land use,Private law | ||
| 650 | |x Law and legislation,Law and legislation | ||
| 650 | |z Vietnam | ||
| 904 | |i Mai Loan | ||
| 980 | |a Trung tâm Học liệu Trường Đại học Cần Thơ | ||